LEADER 00876nam a2200205 4500 001 000000358991 003 CaOOAMICUS 005 20240719103856.0 008 240719s2024 it 000 u ita r 040 $aSeMil$bita 100 1 $aTedesco, Alessandro,$d<1987- >.$0(OLS)http://semarc/name/112251 245 10$aBiblioteche :$bluogo di sinodalità /$cAlessandro Tedesco. 264 1$aRoma :$bABEI,$c2024. 300 $aP. 81-93 ;$c24 cm 500 $aArticolo nel Bollettino di informazione n. 1-2/2023 (32) del periodico ABEI: Associazione Bibliotecari Ecclesiastici Italiani 850 $aSeMil 852 $aSeMil$W1$xVenegono$y1$m5C IV 10/26$j249470$B250055$CSeMilBibl$Z2$F250055 $81 996 $6245$aBiblioteche :$bluogo di sinodalità$9(OLS)http://semarc/title/449408 996 $6264$aRoma :$bABEI$9(OLS)http://semarc/publisher/33367 LEADER 00778nam a2200205 i 4500 001 000000256669 003 CaOOAMICUS 005 20171215000000.0 008 171215s1789 it u000 u ita u 013 $a235577 026 $asode 66e- o-n- iato (3) 1789 (R) 040 $aSeMil$bita 245 10$aVol. 2. Part. 2. 300 $aXXVIII, 493, [3] p., [3] carte di tav. doppie. 500 $aSegn.: pg2 a-c4 d2 A-3Q4 (3Q4 bianca). - Contiene l'appendice de' monumenti. 773 0 $tAnnali Bolognesi. Vol. 1. Part. 1. [Vol. 3. Part. 2.].$dBassano : [s.n.], 1784-1795.$g2$w()4548 850 $aSeMil 852 $aSeMil$W1$xVenegono$y1$m3U VI 6 FA$j207015$B207015$CSeMilBibl$Z2$F220428 $8I 961 $aOmaggio: Altro 996 $6245$aVol. 2. Part. 2$9(OLS)http://semarc/title/412391